The steel industry 1939-1959

Đã lưu trong:
Sonraí Bibleagrafaíochta
Príomhúdar: Duncan Burn
Formáid: Leabhar
Teanga:Undetermined
Foilsithe: Cambridge Cambridge University Press 1961
Clibeanna: Cuir Clib Leis
Gan Chlibeanna, Bí ar an gcéad duine leis an taifead seo a chlibeáil!
Thư viện lưu trữ: Trung tâm Học liệu Trường Đại học Cần Thơ
LEADER 00347nam a2200121Ia 4500
001 CTU_85840
008 210402s9999 xx 000 0 und d
100 |a Duncan Burn 
245 4 |a The steel industry 1939-1959 
260 |a Cambridge 
260 |b Cambridge University Press 
260 |c 1961 
980 |a Trung tâm Học liệu Trường Đại học Cần Thơ